The Doors - Love Street Lyrics - Statistics

General Stats
  • This quiz has been taken 32 times
  • The average score is 130 of 149
Answer Stats
Answer % Correct
live
100%
lives
100%
Love
100%
on
100%
She
100%
she
100%
Street
100%
a
95%
and
95%
has
95%
I
95%
like
95%
me
95%
see
95%
to
95%
you
95%
garden
91%
house
91%
what
91%
would
91%
do
86%
happens
86%
knows
86%
La
82%
la
82%
wisdom
82%
Lingers
77%
the
77%
there
77%
wonder
77%
creatures
73%
long
73%
meet
73%
monkeys
73%
Summer
73%
they
73%
year
73%
diamond
68%
in
68%
it
68%
Lazy
68%
so
68%
Sunday
68%
where
68%
store
64%
far
59%
fine
59%
flunkies
59%
guess
59%
There's
59%
robes
45%
this
45%
studded
41%
No matching quizzes found
Score Distribution
Percent of People with Each Score
Percentile by Number Answered
Your Score History
You have not taken this quiz